| 000 | 00645nam a22001817a 4500 | ||
|---|---|---|---|
| 003 | 0 | ||
| 005 | 20230904091930.0 | ||
| 008 | 230904b xxu||||| |||| 00| 0 eng d | ||
| 020 | _a978-971-635-064-7 | ||
| 050 |
_aPL 6051 _b.Sa26 2019 |
||
| 245 |
_aSa madaling salita : kasaysayan at pag-unlad ng wikang pambansa _cRommel B. Rodriguez at Choy S. Pangilinan, editor |
||
| 260 |
_aQuezon City _bSentro ng Wikang Filipino-UP Diliman _cc2019. |
||
| 300 |
_a160 pages ; _c23 cm. |
||
| 500 | _aFilipino language--History. | ||
| 504 | _aIncludes bibliographical references and index. | ||
| 650 | _aFilipino language--History. | ||
| 942 |
_2lcc _cBK |
||
| 999 |
_c365246 _d365246 |
||